LEADER 00902nam0-22002771i-450- 001 990001636040403321 005 20050331113404.0 035 $a000163604 035 $aFED01000163604 035 $a(Aleph)000163604FED01 035 $a000163604 100 $a20030910d1871----km-y0itay50------ba 101 0 $aita 200 1 $aStatistica botanica della Toscana ossia saggio di studi sulla distribuzione geografica delle piante toscane$fTeodoro Caruel 210 $aFirenze$cStab. G. Pellas$d1871 215 $a372 p.$d25 cm 610 0 $aFitogeografia 676 $a581.9 700 1$aCaruel,$bTeodoro$069930 801 0$aIT$bUNINA$gRICA$2UNIMARC 901 $aBK 912 $a990001636040403321 952 $a60 581.9 B 1$b5949$fFAGBC 959 $aFAGBC 996 $aStatistica botanica della Toscana ossia saggio di studi sulla distribuzione geografica delle piante toscane$9367532 997 $aUNINA LEADER 02018nam 2200385Ia 450 001 996397609203316 005 20200824132717.0 035 $a(CKB)4940000000062822 035 $a(EEBO)2240865678 035 $a(OCoLC)ocm53299013e 035 $a(OCoLC)53299013 035 $a(EXLCZ)994940000000062822 100 $a20031028d1658 uy 0 101 0 $aeng 135 $aurbn||||a|bb| 200 14$aThe English school-master$b[electronic resource] $eteaching all his scholars, of what age soever, the most easie, short, and perfect order of distinct reading and true writing our English-tongue, that hath ever yet been known or published by any. And further also, teacheth a direct course, how any unskilfull person may easily both understand any hard English words, which they shall in the Scriptures, sermons or elsewhere hear or read: and also be made able to use the same aptly themselves; and generally whatsoever is necessary to be known for the English speech ... /$fby Edward Coote .. 205 $a"Perused and approved by publike authority, and now the 19th time imprinted$bwith certaine copies to write by at the end of the booke added." 210 $aLondon $cPrinted by R. & W. Leybourn, for the Company of Stationers$d1658 215 $a[8], 77, [2] p. ;$cill 300 $aIncludes woodcut illustrations and decorative borders throughout. 300 $aReproduction of original in: Henry E. Huntington Library and Art Gallery. 330 $aeebo-0113 606 $aReaders$vEarly works to 1800 606 $aEnglish language$yEarly modern, 1500-1700$xOrthography and spelling 606 $aEnglish language$xStudy and teaching$vEarly works to 1800 615 0$aReaders 615 0$aEnglish language$xOrthography and spelling. 615 0$aEnglish language$xStudy and teaching 700 $aCoote$b Edmund$ffl. 1597.$01012997 801 0$bEAE 801 1$bEAE 906 $aBOOK 912 $a996397609203316 996 $aThe English school-master$92354066 997 $aUNISA